banner-ar

CHALLENGING BEHAVIOUR IN SCHOOLS / (Record no. 18214)

MARC details
000 -الفاتح
حقل البيانات ثابتة الطول 00532nam a2200217Ia 4500
008 - عناصر البيانات ثابتة الطول - معلومات عامة
حقل البيانات ثابتة الطول 140319s9999 xx 000 0 eng d
040 ## - مصدر الفهرسة
وكالة الفهرسة الأصلية GCL /
وكالة النسخ GCL
082 04 - رقم تصنيف ديوى العشرى
رقم التصنيف 370.153
رقم المادة G C
100 1# - المدخل الرئيسى - إسم شخصى
الإسم الشخصى GRAY, PETER
245 10 - بيان العنوان
العنوان CHALLENGING BEHAVIOUR IN SCHOOLS /
بيان المسئوليه,etc GRAY, PETER
700 1# - المدخل الاضافى - اسم شخصى
الإسم الشخصى MILLER, ANDY
700 1# - المدخل الاضافى - اسم شخصى
الإسم الشخصى NOAKES, JIM
260 ## - PUBLICATION, DISTRIBUTION, ETC. (IMPRINT)
تاريخ النشر أو التوزيع 1994
300 ## - الوصف المادى
التعداد 271
650 04 - المدخل الاضافى بالموضوع-مصطلح موضوعى
مصطلح موضوعي SCHOOLS
650 04 - المدخل الاضافى بالموضوع-مصطلح موضوعى
مصطلح موضوعي ELEMENTARY SCHOOL
650 04 - المدخل الاضافى بالموضوع-مصطلح موضوعى
مصطلح موضوعي PARENTS
650 04 - المدخل الاضافى بالموضوع-مصطلح موضوعى
مصطلح موضوعي BEHAVIOURISM
942 ## - عناصر المدخل الإضافي( كوها)
مصدر التصنيف او مخطط الترفيف Dewey Decimal Classification
Koha [default] item type كتاب
260 ## - PUBLICATION, DISTRIBUTION, ETC. (IMPRINT)
-- [S.N] :
-- ROUTLEDGE ،
Holdings
حالة التراجع حالة الفقد حالة تلف ليس للاعارة المكان المؤقت الموقع الحالى تاريخ الاكتساب اجمالي اﻻعارات رقم الطلب الباركود تاريخ اخر مشاهدة تاريخ تفعيل السعر نوع وعاء كوها
        مكتبة القاهرة الكبرى مكتبة القاهرة الكبرى 03/26/2014   370.153\G C 33297 03/26/2014 03/26/2014 كتاب

Powered By

EGPV